The rise and fall of the metropolitan authority? / by L. J. Sharpe
Descripción Física:
30 p. ; 21 cm
Materias:
Política urbana
MARC
| LEADER | 00000nam a2200000Ia 4500 | ||
|---|---|---|---|
| 001 | 16395 | ||
| 008 | 160829s1991 xx 000 0 cat d | ||
| 080 | |a FU-43-21 | ||
| 100 | |a Sharpe, Lawrence James |9 24763 | ||
| 245 | 4 | |a The rise and fall of the metropolitan authority? / by L. J. Sharpe | |
| 260 | |a Barcelona : |b Institut de Ciències Polítiques i Socials, |c 1991 | ||
| 300 | |a 30 p. ; |c 21 cm | ||
| 490 | |a Working papers / Institut de Ciències Polítiques i Socials ; 38 | ||
| 590 | |a Notes | ||
| 650 | 0 | |a Política urbana |9 49061 | |
| 710 | 2 | |a Institut de Ciències Polítiques i Socials (Barcelona, Catalunya) |9 55871 | |
| 901 | |a Arxiu | ||
| 942 | |n 1 | ||
| 952 | |0 0 |1 0 |4 0 |6 FU4321 |7 1 |9 43308 |a Arxiu |b Arxiu |d 2016-12-01 |l 0 |o FU-43-21 |p 16395 |r 2016-12-01 00:00:00 |w 2016-12-01 |y ARXIU | ||
| 999 | |c 45853 |d 45853 | ||